| 000 | 00997nam a22002297a 4500 | ||
|---|---|---|---|
| 999 |
_c60931 _d60931 |
||
| 005 | 20231121144636.0 | ||
| 008 | 231121s2021 enk||||| |||| 00| 0 geo d | ||
| 020 | _a9789941498114 | ||
| 041 | _ageo | ||
| 080 | _a611.91/93(075)+617.51/53-089(075) T-93 | ||
| 100 |
_aTurmanidze, T _920454 |
||
| 245 |
_aTopographic anatomy and operative surgery of head & neck region : _b[Textbook] / _cT. Turmanidze, L. Kikalishvili. |
||
| 264 |
_aTbilisi, _c2018. |
||
| 300 |
_a236 p. : _bil. ; _c24 cm. |
||
| 521 | _aბიბლიოგრაფია: გვ. 236. | ||
| 653 | _aთავის ტოპოგრაფიული ანატომია | ||
| 653 | _aკისრის ტოპოგრაფიული ანატომია | ||
| 653 | _aთავისა და კისრის ქირურგია | ||
| 653 | _aოპერავიული ქირურგია | ||
| 700 |
_aKikalishvili, L. _eავტორი _920455 |
||
| 942 |
_2udc _cᲬᲘᲒᲜᲘ |
||